[Event "Steyr Landesliga 2122"]
[Site "Austria"]
[Date "2021.11.13"]
[Round "2.5"]
[White "Taucher, Daniel"]
[Black "Boehmer, Ernst"]
[Result "0-1"]
[WhiteElo "1852"]
[BlackElo "2016"]
[PlyCount "76"]
[EventDate "2021.10.16"]
[EventType "team-tourn"]
[EventRounds "11"]
[EventCountry "AUT"]
[SourceTitle "EXT 2023"]
[Source "ChessBase"]
[SourceDate "2022.10.05"]
[SourceVersion "1"]
[SourceVersionDate "2022.10.05"]
[SourceQuality "1"]
[WhiteTeam "Baernbach"]
[BlackTeam "Voitsberg"]
[WhiteTeamCountry "AUT"]
[BlackTeamCountry "AUT"]

1. e4 c5 2. Nf3 Nc6 3. d4 cxd4 4. Nxd4 Nf6 5. Nc3 d6 6. Be2 g6 7. Be3 Bg7 8. Qd2 Ng4 9. Bxg4 Bxg4 10. h3 Bd7 11. 0-0-0 Ne5 12. b3 Rc8 13. f4 Qa5 14. Nb1 Qxd2+ 15. Nxd2 Bh6 16. g4 Bxf4 17. Bxf4 Nd3+ 18. Kb1 Nxf4 19. Nc4 0-0 20. Rdf1 Ne6 21. Nxe6 Bxe6 22. Nd2 Rc3 23. Rf3 Rfc8 24. Rxc3 Rxc3 25. Kb2 Re3 26. Kc1 b5 27. Rh2 Bd7 28. c4 bxc4 29. Nxc4 Rxe4 30. Kd2 d5 31. Ne3 a5 32. Re2 Bb5 33. Re1 e6 34. Rc1 Rd4+ 35. Ke1 Rd3 36. Kf2 Rd2+ 37. Kg3 Rxa2 38. Rc5 Bd3 0-1

[Event "Graz op 18th"]
[Site "Graz"]
[Date "2011.09.02"]
[Round "7"]
[White "Boehmer, Ernst"]
[Black "Schriebl, Alexander"]
[Result "0-1"]
[WhiteElo "2122"]
[BlackElo "2080"]
[PlyCount "152"]
[EventDate "2011.08.27"]
[EventType "swiss"]
[EventRounds "9"]
[EventCountry "AUT"]
[SourceTitle "CBM 144 Extra"]
[Source "ChessBase"]
[SourceDate "2011.10.28"]
[SourceVersion "1"]
[SourceVersionDate "2011.10.28"]
[SourceQuality "1"]

1. e4 d5 2. exd5 Qxd5 3. Nc3 Qa5 4. d4 Nf6 5. Bd2 Qb6 6. Nf3 Bf5 7. Bc4 e6 8. Qe2 c6 9. 0-0-0 Nbd7 10. Nh4 Bg6 11. Be3 Qc7 12. d5 cxd5 13. Nxg6 hxg6 14. Nxd5 Nxd5 15. Bxd5 0-0-0 16. Bf3 Bc5 17. g3 Bxe3+ 18. Qxe3 Nb6 19. Rxd8+ Rxd8 20. Rd1 Rxd1+ 21. Kxd1 Qc4 22. b3 Qb4 23. Qe4 Qd6+ 24. Ke1 Qc7 25. c4 Nd7 26. Kf1 Nf6 27. Qd4 Kb8 28. b4 Qd7 29. Qc5 Qc8 30. Qd4 Qc7 31. a4 b6 32. c5 Qd7 33. Qh4 Qxa4 34. Qf4+ Kc8 35. c6 Qb5+ 36. Kg2 Qd3 37. Qe5 Qd8 38. b5 Qe7 39. Qa1 e5 40. Qa6+ Kb8 41. Qa4 Ne8 42. Qg4 Nd6 43. Be2 Nf5 44. Bc4 Nd6 45. Be2 Kc7 46. Qa4 Kd8 47. Qa1 f6 48. Qd1 Kc7 49. Qa4 Kb8 50. Qh4 Qd8 51. Qh7 Qf8 52. Qxg6 Qf7 53. Qd3 Qe6 54. Qh7 Qf7 55. Qh8+ Ne8 56. Bc4 Qe7 57. Qg8 Kc7 58. h4 Nd6 59. Be6 a5 60. Bd5 Nxb5 61. Qa8 Kd6 62. Be4 Kc5 63. Qb7 Qc7 64. Qa8 Nd6 65. Qf8 Kb5 66. Bd5 Nf5 67. Qa3 Nd4 68. Qd3+ Kc5 69. Be4 Kd6 70. f4 Ke7 71. Qc4 Ne6 72. Bd5 Nd8 73. fxe5 fxe5 74. Be4 Ne6 75. Bf5 Nc5 76. Bg6 Qxc6+ 0-1

[Event "Graz op 18th"]
[Site "Graz"]
[Date "2011.08.31"]
[Round "5"]
[White "Boehmer, Ernst"]
[Black "Gaug, Herbert"]
[Result "1-0"]
[WhiteElo "2122"]
[BlackElo "1865"]
[PlyCount "57"]
[EventDate "2011.08.27"]
[EventType "swiss"]
[EventRounds "9"]
[EventCountry "AUT"]
[SourceTitle "CBM 144 Extra"]
[Source "ChessBase"]
[SourceDate "2011.10.28"]
[SourceVersion "1"]
[SourceVersionDate "2011.10.28"]
[SourceQuality "1"]

1. d4 d5 2. c4 c6 3. Nf3 Bf5 4. Nc3 e6 5. e3 Bd6 6. Bd3 Bxd3 7. Qxd3 Nf6 8. 0-0 Nbd7 9. e4 dxe4 10. Nxe4 Nxe4 11. Qxe4 Nf6 12. Qc2 h6 13. Be3 Qc7 14. a3 g5 15. c5 Be7 16. Ne5 Rd8 17. b4 Nd5 18. Rab1 Bf6 19. Nc4 a6 20. Nd6+ Kf8 21. Rfd1 Be7 22. Nc4 Bf6 23. Rb3 Kg7 24. Bc1 Rd7 25. g3 Re8 26. Nd6 Red8 27. Rf3 Be7 28. Rxf7+ Kg8 29. Qh7# 1-0

[Event "Graz op-A 17th"]
[Site "Graz"]
[Date "2010.09.05"]
[Round "9"]
[White "Mihevc Mohr, Narcisa"]
[Black "Boehmer, Ernst"]
[Result "0-1"]
[WhiteElo "2142"]
[BlackElo "2128"]
[PlyCount "68"]
[EventDate "2010.08.21"]
[EventType "swiss"]
[EventRounds "9"]
[EventCountry "AUT"]
[SourceTitle "CBM 138 Extra"]
[Source "ChessBase"]
[SourceDate "2010.10.29"]
[SourceVersion "1"]
[SourceVersionDate "2010.10.29"]
[SourceQuality "1"]

1. e4 c5 2. Nf3 Nc6 3. d4 cxd4 4. Nxd4 Nf6 5. Nc3 e5 6. Ndb5 d6 7. Nd5 Nxd5 8. exd5 Ne7 9. c4 Ng6 10. g3 a6 11. Nc3 Be7 12. h4 f5 13. h5 Nf8 14. Bg2 Nd7 15. 0-0 0-0 16. b4 Qc7 17. Qb3 Nf6 18. h6 b6 19. a4 Rb8 20. Bd2 Bd7 21. Rfc1 Rf7 22. Ne2 gxh6 23. Bxh6 Ng4 24. Bd2 Qd8 25. Qc2 Bg5 26. a5 f4 27. f3 Bf5 28. Qa2 Bd3 29. Nc3 fxg3 30. fxg4 Bxd2 31. Qxd2 Qh4 32. Bh3 Rf2 33. Qxf2 gxf2+ 34. Kh2 Rf8 0-1

[Event "Graz op-A 17th"]
[Site "Graz"]
[Date "2010.09.03"]
[Round "7"]
[White "Schriebl, Alexander"]
[Black "Boehmer, Ernst"]
[Result "1-0"]
[WhiteElo "2072"]
[BlackElo "2128"]
[PlyCount "45"]
[EventDate "2010.08.21"]
[EventType "swiss"]
[EventRounds "9"]
[EventCountry "AUT"]
[SourceTitle "CBM 138 Extra"]
[Source "ChessBase"]
[SourceDate "2010.10.29"]
[SourceVersion "1"]
[SourceVersionDate "2010.10.29"]
[SourceQuality "1"]

1. d4 Nf6 2. c4 c5 3. d5 d6 4. Nc3 e6 5. e4 exd5 6. cxd5 g6 7. f4 Bg7 8. Bb5+ Nfd7 9. a4 0-0 10. Nf3 Na6 11. 0-0 Nb4 12. Kh1 Nf6 13. Bd3 Bg4 14. Bb1 Nh5 15. Qe1 Qd7 16. Nd2 Rae8 17. Nc4 a6 18. Ne3 Bd4 19. Qh4 Bxe3 20. Bxe3 f5 21. h3 Be2 22. Nxe2 Nxd5 23. Ba2 1-0

[Event "Graz op-A 17th"]
[Site "Graz"]
[Date "2010.08.31"]
[Round "4"]
[White "Boehmer, Ernst"]
[Black "Holzbauer, Johannes"]
[Result "0-1"]
[WhiteElo "2128"]
[BlackElo "2036"]
[PlyCount "106"]
[EventDate "2010.08.21"]
[EventType "swiss"]
[EventRounds "9"]
[EventCountry "AUT"]
[SourceTitle "CBM 138 Extra"]
[Source "ChessBase"]
[SourceDate "2010.10.29"]
[SourceVersion "1"]
[SourceVersionDate "2010.10.29"]
[SourceQuality "1"]

1. d4 Nf6 2. c4 b6 3. Nf3 Bb7 4. Nc3 e6 5. e3 Bb4 6. Bd3 Bxc3+ 7. bxc3 0-0 8. Qc2 d6 9. e4 e5 10. Bg5 Nbd7 11. h3 Qe7 12. 0-0 h6 13. Bxf6 Nxf6 14. Rae1 Nh5 15. g3 Bc8 16. Kg2 Qe6 17. Rh1 Bb7 18. Nh4 g6 19. Qd2 Kh7 20. Be2 Bxe4+ 21. f3 Bb7 22. d5 Qf6 23. f4 Nxf4+ 24. gxf4 Qxh4 25. fxe5 dxe5 26. Bd3 Rad8 27. Re4 Qg5+ 28. Qxg5 hxg5 29. h4 f5 30. hxg5+ Kg7 31. Reh4 Rh8 32. Kf2 Rxh4 33. Rxh4 Rh8 34. Rxh8 Kxh8 35. Be2 Kg7 36. Bf3 Ba6 37. Be2 Bc8 38. Ke3 Kf7 39. Bd1 Ke7 40. a3 Bd7 41. Be2 Kd6 42. Bd1 Kc5 43. Bb3 a6 44. a4 Be8 45. Kd3 Kd6 46. Ke3 c6 47. Kd3 cxd5 48. cxd5 Bf7 49. c4 Be8 50. Kc3 Kc5 51. Bd1 Bd7 52. Kd3 e4+ 53. Kc3 f4 0-1

[Event "Graz op-A 17th"]
[Site "Graz"]
[Date "2010.08.29"]
[Round "2"]
[White "Boehmer, Ernst"]
[Black "Schieder, Josef"]
[Result "1-0"]
[WhiteElo "2128"]
[BlackElo "2064"]
[PlyCount "64"]
[EventDate "2010.08.21"]
[EventType "swiss"]
[EventRounds "9"]
[EventCountry "AUT"]
[SourceTitle "CBM 138 Extra"]
[Source "ChessBase"]
[SourceDate "2010.10.29"]
[SourceVersion "1"]
[SourceVersionDate "2010.10.29"]
[SourceQuality "1"]

1. d4 d5 2. c4 c6 3. Nc3 Nf6 4. e3 a6 5. Nf3 b5 6. cxd5 cxd5 7. Bd3 Bb7 8. Ne5 e6 9. Bd2 Bd6 10. f4 Nbd7 11. 0-0 h5 12. Qf3 Nb6 13. Qg3 Rg8 14. Bg6 Rf8 15. f5 exf5 16. Bxf5 Nc4 17. Be1 Qe7 18. Qxg7 Nxe5 19. Bh4 Ned7 20. Bxd7+ Qxd7 21. Qxf6 Rg8 22. Rf5 Qe6 23. Raf1 Rg4 24. Rxh5 b4 25. Rh8+ Kd7 26. Rxa8 bxc3 27. Rd8+ Kc6 28. bxc3 Rxh4 29. Rxd6+ Kxd6 30. Qxh4 Qxe3+ 31. Kh1 Qxc3 32. Qd8+ Kc6 1-0

[Event "Graz op-A 17th"]
[Site "Graz"]
[Date "2010.08.28"]
[Round "1"]
[White "Shengelia, Davit"]
[Black "Boehmer, Ernst"]
[Result "1-0"]
[WhiteElo "2582"]
[BlackElo "2128"]
[PlyCount "71"]
[EventDate "2010.08.21"]
[EventType "swiss"]
[EventRounds "9"]
[EventCountry "AUT"]
[SourceTitle "CBM 138 Extra"]
[Source "ChessBase"]
[SourceDate "2010.10.29"]
[SourceVersion "1"]
[SourceVersionDate "2010.10.29"]
[SourceQuality "1"]

1. d4 Nf6 2. Nf3 c5 3. d5 d6 4. Nc3 g6 5. e4 Bg7 6. h3 0-0 7. Be2 b5 8. e5 dxe5 9. Bxb5 Bb7 10. Be3 e4 11. Nd2 Nxd5 12. Nxd5 Qxd5 13. c3 Na6 14. Bc4 Qe5 15. Nb3 Rac8 16. Na5 Qc7 17. Nxb7 Qxb7 18. Qb3 Qc6 19. Bd5 Qd6 20. Rd1 Qc7 21. Qb5 Nb8 22. Bxe4 a6 23. Qa4 Rfd8 24. 0-0 e6 25. Rxd8+ Rxd8 26. Rd1 Rxd1+ 27. Qxd1 Be5 28. Qa4 Qd7 29. Qxd7 Nxd7 30. Bd3 a5 31. Bb5 Nf6 32. Bxc5 Ne4 33. Bb6 Nd6 34. a4 Nxb5 35. axb5 a4 36. Bd4 1-0

[Event "Graz op-A 16th"]
[Site "Graz"]
[Date "2009.09.04"]
[Round "7"]
[White "Kleiser, Gregor"]
[Black "Boehmer, Ernst"]
[Result "1-0"]
[WhiteElo "2292"]
[BlackElo "2140"]
[PlyCount "59"]
[EventDate "2009.08.29"]
[EventType "swiss"]
[EventRounds "9"]
[EventCountry "AUT"]
[SourceTitle "CBM 132 Extra"]
[Source "ChessBase"]
[SourceDate "2009.11.03"]
[SourceVersion "1"]
[SourceVersionDate "2009.11.03"]
[SourceQuality "1"]

1. d4 Nf6 2. c4 c5 3. d5 d6 4. Nc3 g6 5. e4 Bg7 6. f4 0-0 7. Nf3 e6 8. Be2 exd5 9. cxd5 Re8 10. e5 dxe5 11. fxe5 Ng4 12. e6 fxe6 13. d6 Nc6 14. 0-0 Nd4 15. Ne4 b6 16. Bg5 Qd7 17. Nxd4 Bxd4+ 18. Kh1 Bb7 19. Bd3 Bxe4 20. Bxe4 Nf2+ 21. Rxf2 Bxf2 22. Bxa8 Rxa8 23. Be7 Bd4 24. Qf3 Re8 25. Rf1 Kh8 26. b3 Bg7 27. Qf7 e5 28. h3 Rc8 29. Qf3 c4 30. Qg4 1-0

[Event "Graz op-A 16th"]
[Site "Graz"]
[Date "2009.09.03"]
[Round "6"]
[White "Boehmer, Ernst"]
[Black "Wertjanz, David"]
[Result "1/2-1/2"]
[WhiteElo "2140"]
[BlackElo "2071"]
[PlyCount "58"]
[EventDate "2009.08.29"]
[EventType "swiss"]
[EventRounds "9"]
[EventCountry "AUT"]
[SourceTitle "CBM 132 Extra"]
[Source "ChessBase"]
[SourceDate "2009.11.03"]
[SourceVersion "1"]
[SourceVersionDate "2009.11.03"]
[SourceQuality "1"]

1. d4 Nf6 2. c4 e6 3. Nf3 b6 4. Nc3 Bb7 5. e3 d5 6. Bd2 Be7 7. Be2 0-0 8. 0-0 Nbd7 9. Ne5 dxc4 10. Nxc4 c5 11. Bf3 Bxf3 12. Qxf3 a6 13. a4 Qc7 14. b3 Rfd8 15. Rfd1 Rac8 16. Ne2 cxd4 17. exd4 Nd5 18. Nf4 N7f6 19. Rac1 Nxf4 20. Bxf4 Qc6 21. Qd3 Qb7 22. Qe2 b5 23. axb5 axb5 24. Ne5 Rxc1 25. Bxc1 Qd5 26. Qf3 Qxf3 27. gxf3 Rc8 28. Be3 Ba3 29. Ra1 Bd6 1/2-1/2

[Event "Graz op-A 16th"]
[Site "Graz"]
[Date "2009.09.01"]
[Round "4"]
[White "Boehmer, Ernst"]
[Black "Fahrner, Kurt"]
[Result "0-1"]
[WhiteElo "2140"]
[BlackElo "2292"]
[PlyCount "64"]
[EventDate "2009.08.29"]
[EventType "swiss"]
[EventRounds "9"]
[EventCountry "AUT"]
[SourceTitle "CBM 132 Extra"]
[Source "ChessBase"]
[SourceDate "2009.11.03"]
[SourceVersion "1"]
[SourceVersionDate "2009.11.03"]
[SourceQuality "1"]

1. d4 g6 2. c4 Bg7 3. Nc3 d6 4. e4 e5 5. dxe5 dxe5 6. Qxd8+ Kxd8 7. Bg5+ f6 8. 0-0-0+ Bd7 9. Be3 Nh6 10. f3 Nc6 11. Nd5 Nf7 12. g3 Kc8 13. h4 h5 14. c5 Re8 15. Bc4 Ncd8 16. Rh2 c6 17. Nb4 Be6 18. Rc2 Bxc4 19. Rxc4 Ne6 20. Nc2 Kc7 21. Ra4 Bf8 22. Rc4 Red8 23. Nh3 Rxd1+ 24. Kxd1 b5 25. cxb6+ axb6 26. a4 Nd6 27. Rc3 Rxa4 28. b3 Nb5 29. Rd3 Ra2 30. Nf2 Bc5 31. g4 Bxe3 32. Rxe3 Ned4 0-1

[Event "Graz op-A"]
[Site "Graz"]
[Date "2008.09.06"]
[Round "8"]
[White "Boehmer, Ernst"]
[Black "Frosch, Ronald"]
[Result "0-1"]
[WhiteElo "2171"]
[BlackElo "2220"]
[PlyCount "78"]
[EventDate "2008.08.30"]
[EventType "swiss"]
[EventRounds "9"]
[EventCountry "AUT"]
[SourceTitle "CBM 126 Extra"]
[Source "ChessBase"]
[SourceDate "2008.11.05"]
[SourceVersion "1"]
[SourceVersionDate "2008.11.05"]
[SourceQuality "1"]

1. d4 d5 2. Nf3 Nf6 3. Bf4 g6 4. e3 Bg7 5. Nbd2 0-0 6. Bd3 c5 7. c3 Nc6 8. 0-0 Nh5 9. Bg5 Qc7 10. dxc5 e5 11. e4 dxe4 12. Bxe4 h6 13. Bh4 f5 14. Bd5+ Kh7 15. Nc4 e4 16. Nd4 Ne5 17. Bg3 Nxg3 18. hxg3 Qxc5 19. Nb3 Qe7 20. Nxe5 Bxe5 21. Qe2 Be6 22. Rfd1 Rad8 23. Bxe6 Qxe6 24. Nc5 Qc6 25. Nb3 h5 26. Rac1 Qb6 27. Nd4 Bxd4 28. Rxd4 Rxd4 29. cxd4 Rd8 30. Qd2 Rxd4 31. Qf4 Rd7 32. Qe5 Qd6 33. Qe8 Qe7 34. Qb8 e3 35. Rc8 e2 36. Rh8+ Kg7 37. Rg8+ Kf7 38. Rh8 e1Q+ 39. Kh2 Qe8 0-1

[Event "Graz op-A"]
[Site "Graz"]
[Date "2008.09.02"]
[Round "4"]
[White "Boehmer, Ernst"]
[Black "Matosec, Thomas"]
[Result "0-1"]
[WhiteElo "2171"]
[BlackElo "2038"]
[PlyCount "100"]
[EventDate "2008.08.30"]
[EventType "swiss"]
[EventRounds "9"]
[EventCountry "AUT"]
[SourceTitle "CBM 126 Extra"]
[Source "ChessBase"]
[SourceDate "2008.11.05"]
[SourceVersion "1"]
[SourceVersionDate "2008.11.05"]
[SourceQuality "1"]

1. d4 e6 2. Nf3 b6 3. e4 Bb7 4. Bd3 c5 5. c3 Nf6 6. Qe2 Be7 7. 0-0 d5 8. e5 Nfd7 9. b3 a5 10. a4 Ba6 11. Na3 Bxd3 12. Qxd3 0-0 13. Nb5 Nc6 14. Bf4 Na7 15. Rfe1 Nxb5 16. Qxb5 h6 17. h3 Qc7 18. Rad1 Rac8 19. c4 cxd4 20. cxd5 Bb4 21. Re2 Nc5 22. d6 Qb7 23. Rxd4 Nxb3 24. Rc4 Rxc4 25. Qxc4 Nc5 26. Qb5 Qa6 27. Be3 Qxb5 28. axb5 f6 29. exf6 gxf6 30. Bxc5 Bxc5 31. Rxe6 a4 32. Re4 a3 33. Ra4 Rd8 34. Nd2 Rxd6 35. Ne4 Rd1+ 36. Kh2 Be7 37. Nc3 Rd2 38. Ne4 Rb2 39. Nc3 Rxf2 40. Nd5 Bd6+ 41. Kg1 Bc5 42. Kh2 Rf5 43. Nc3 Kf7 44. Ne4 Be7 45. Nc3 Ke6 46. Ra6 Bd6+ 47. Kg1 Bc5+ 48. Kh2 Rf1 49. Ra4 Bg1+ 50. Kg3 a2 0-1